[Event "Isle of Wight blitz op1"]
[Site "Isle of Wight"]
[Date "2025.02.19"]
[Round "4"]
[White "Morris, Sam"]
[Black "Singh, Amrik J"]
[Result "0-1"]
[WhiteElo "1621"]
[BlackElo "1778"]
[PlyCount "81"]
[EventDate "2025.02.19"]
[EventType "swiss (blitz)"]
[EventRounds "7"]
[EventCountry "ENG"]
[SourceTitle "CB08_2025"]
[SourceDate "2025.02.19"]
[SourceVersion "1"]
[SourceVersionDate "2025.02.19"]
[SourceQuality "1"]

1. e4 g6 2. d4 Bg7 3. Nf3 d6 4. Bc4 e6 5. Be3 a6 6. a3 b5 7. Ba2 Bb7 8. Nbd2 Nd7 9. c3 Rc8 10. 0-0 Ngf6 11. Rc1 Nxe4 12. Nxe4 Bxe4 13. Nd2 Bb7 14. Re1 h6 15. Qg4 Nf6 16. Qh3 Qe7 17. f4 Bd5 18. c4 bxc4 19. Bxc4 Bxc4 20. Rxc4 0-0 21. Rc6 Nd5 22. Rec1 Qf6 23. Ne4 Qf5 24. Qxf5 exf5 25. Kf2 fxe4 26. Rxa6 Rfd8 27. b4 Ra8 28. Rcc6 Rxa6 29. Rxa6 Rb8 30. g3 Rb6 31. Ra5 Nc3 32. Ke1 Rb5 33. Rxb5 Nxb5 34. a4 Nc3 35. a5 Nd5 36. b5 Kf8 37. Bd2 Bxd4 38. Ke2 Ke8 39. a6 Bb6 40. Ba5 Kd8 41. Bxb6 0-1

[Event "Isle of Wight blitz op1"]
[Site "Isle of Wight"]
[Date "2025.02.19"]
[Round "7"]
[White "Sivanesan, Subramanian"]
[Black "Singh, Amrik J"]
[Result "1-0"]
[WhiteElo "1926"]
[BlackElo "1778"]
[PlyCount "131"]
[EventDate "2025.02.19"]
[EventType "swiss (blitz)"]
[EventRounds "7"]
[EventCountry "ENG"]
[SourceTitle "CB08_2025"]
[SourceDate "2025.02.19"]
[SourceVersion "1"]
[SourceVersionDate "2025.02.19"]
[SourceQuality "1"]

1. e4 g6 2. d4 Bg7 3. Nc3 d6 4. Bc4 Nd7 5. h4 a6 6. h5 b5 7. Bd5 Rb8 8. a3 Bb7 9. hxg6 hxg6 10. Rxh8 Bxh8 11. Nf3 Ngf6 12. Bxb7 Rxb7 13. Bg5 c5 14. e5 Nh7 15. exd6 Nxg5 16. Nxg5 exd6 17. Nge4 Qe7 18. Qe2 Kf8 19. dxc5 Nxc5 20. 0-0-0 Nxe4 21. Nxe4 f5 22. Ng3 Qxe2 23. Nxe2 Ke7 24. Nf4 Kf7 25. Rh1 Bg7 26. c3 Re7 27. Kd2 Re5 28. Ne2 Bf6 29. Rh7+ Ke6 30. Nd4+ Kd5 31. Ra7 Bg5+ 32. Kd3 Re1 33. Nf3 Rd1+ 34. Ke2 Rb1 35. Nxg5 Rxb2+ 36. Ke3 Rb3 37. Kd3 Rxa3 38. Nf3 b4 39. Rc7 bxc3 40. Rxc3 Ra2 41. Nd2 a5 42. Ke3 Ke5 43. Nc4+ Ke6 44. Ra3 Rxa3+ 45. Nxa3 Kd5 46. Kd3 Kc5 47. Kc3 d5 48. Nc2 a4 49. Nd4 a3 50. Ne6+ Kb5 51. Kb3 Kc6 52. Kxa3 Kd6 53. Nf4 g5 54. Ne2 Ke5 55. Kb3 Ke4 56. Kc3 g4 57. Ng3+ Ke5 58. Kd3 f4 59. Nf1 d4 60. Nd2 Kd5 61. Ne4 Ke5 62. Nc5 Kd5 63. Nb3 Ke5 64. Nxd4 Kf6 65. Ke4 Kg5 66. Ne6+ 1-0

[Event "BCF-ch Penrose U2000 op"]
[Site "Hull"]
[Date "2024.07.28"]
[Round "5"]
[White "Mulleady, Peter J"]
[Black "Singh, Amrik J"]
[Result "0-1"]
[WhiteElo "1915"]
[BlackElo "1801"]
[PlyCount "58"]
[EventDate "2024.07.26"]
[EventType "swiss"]
[EventRounds "5"]
[EventCountry "ENG"]
[SourceTitle "CBM 221 Extra"]
[Source "ChessBase"]
[SourceDate "2024.09.30"]
[SourceVersion "1"]
[SourceVersionDate "2024.09.30"]
[SourceQuality "1"]

1. d4 g6 2. Bf4 Bg7 3. e3 d6 4. Nf3 a6 5. c4 Nd7 6. Nc3 b6 7. Be2 Bb7 8. h3 Rc8 9. Rc1 e6 10. 0-0 Ngf6 11. Bh2 0-0 12. b4 Qe7 13. Qb3 Rfd8 14. Rfd1 e5 15. d5 Ra8 16. Nd2 Rf8 17. Re1 h6 18. Qc2 Nh7 19. e4 Bc8 20. Bd3 Ndf6 21. f4 exf4 22. Bxf4 Nh5 23. Bh2 Bd4+ 24. Kh1 Ng5 25. Nf1 Qf6 26. Nd1 Nxh3 27. Nfe3 N3f4 28. Be2 Qh4 29. Bxh5 Qxe1+ 0-1